Enviado especial al Polo Sur /

Guardado en:
Detalles Bibliográficos
Autor principal: Pancorbo, Luis (autor)
Formato: Libro
Idioma:Español
Publicado: Zaragoza, España : Luis Vives, 1989, c1989
Colección:(Ala Delta ; Serie Gris. Experiencias) 70.
Temas:
Etiquetas: Agrega una etiqueta
Sin etiquetas, Sé el primero en etiquetar este registro!

MARC

LEADER 00000nam^a2200000^a^4500
001 000380912
005 20250521000000.0
009 20260310120625.029
020 |a 84-263-1526-7 
037 |a Acervo ITESO - Biblioteca 
041 |a ESP 
082 |a 808. 899282  |b ALA V. 70 
100 |a Pancorbo, Luis  |e (autor) 
245 1 0 |a Enviado especial al Polo Sur /  |c L. Pancorbo. 
264 4 |a Zaragoza, España :  |b Luis Vives,  |c 1989, c1989 
300 |a 114 p. 
336 |a texto  |b txt  |2 rdacontenido 
337 |a sin mediación  |b n  |2 rdamedio 
338 |a volumen  |b nc  |2 rdasoporte 
440 1 |a (Ala Delta ;  |v 70.  |p Serie Gris. Experiencias) 
649 |a XX 
650 |a Libros de Viajes -  |z Polo Sur 
650 |a Literatura Juvenil 
650 |a Literatura Española -  |y Siglo XX 
910 |a Fondo General 
920 |a Impresos - Libros 
930 |a Colección General 
940 |a Literatura 
905 |a 101 
901 |a 0500275980  |b IT1  |c LIT  |i D78409  |u 20250521 
902 |a https://opac.biblio.iteso.mx/vufind/Record/000380912